Riproduzione del testo trecentesco del codice della catena conservato nellïarchivio storico della città di Torino: trascrizione nel volume allegato Torino e i suoi statuti nella seconda metà del trecento
Sparad:
| Materialtyp: | Bok |
|---|---|
| Språk: | italienska |
| Publicerad: |
s.l
s.n
1981
|
| Ämnen: | |
| Taggar: |
Lägg till en tagg
Inga taggar, Lägg till första taggen!
|
MARC
| LEADER | 00000nam a2200000 a 4500 | ||
|---|---|---|---|
| 001 | UCG3857 | ||
| 003 | CL-VaPUC | ||
| 008 | 100916e19810000it |||||||||||||||||ita|d | ||
| 082 | 0 | 4 | |a 348.45 |b RIP |2 21 |
| 245 | 1 | 0 | |a Riproduzione del testo trecentesco del codice della catena conservato nellïarchivio storico della città di Torino: trascrizione nel volume allegato Torino e i suoi statuti nella seconda metà del trecento |
| 300 | |a pág. irreg | ||
| 942 | |c BK | ||
| 945 | |d 20100916 00:00:00 |a mfarfan | ||
| 260 | |a s.l |b s.n |c 1981 | ||
| 650 | 7 | |a ESTATUTO |2 CL-VaPUC |9 553170 | |
| 650 | 0 | |a Leyes |9 256670 | |
| 651 | 0 | |a Italia |9 254949 | |
| 651 | 7 | |a TORINO |2 CL-VaPUC |9 553171 | |
| 583 | |a last modification |c 20180110 11:37:03 |k Rodrigo Vera | ||
| 999 | |c 342822 |d 342820 | ||
| 952 | |0 0 |1 0 |4 0 |6 348_450000000000000_RIP_1981 |7 0 |8 X |9 439400 |a FDOBUD |b FDOBUD |d 2019-11-22 |i 4711475 |o 348.45 RIP 1981 |p 4711475 |r 2019-11-22 |w 2019-11-22 |y BK_X |k BUD | ||